| 000 | 00796nam a22002415a 4500 | ||
|---|---|---|---|
| 001 | 15361314 | ||
| 005 | 20201128013539.0 | ||
| 008 | 080710s2008 mau 000 0 eng | ||
| 010 | _a 2008932863 | ||
| 020 | _a9781847200068 (hardback) | ||
| 040 |
_aDLC _cDLC |
||
| 082 |
_222 _a338.04 _bNON |
||
| 245 | 0 | 0 |
_aNon-market entrepreneurship : _bInterdisciplinary approaches / _cEdited by Gordon E. Shockley, Peter M. Frank, Roger R. Stough. |
| 260 |
_aNorthampton, UK : _bEdward Elgar, _cc2008. |
||
| 300 |
_axvi, 247p.: _c24 cm. |
||
| 504 | _aIncludes bibliographical references and index. | ||
| 650 |
_9240 _aEntrepreneurship. |
||
| 700 | 1 |
_92237 _aShockley, Gordon E. |
|
| 700 | 1 |
_92238 _aFrank, Peter M. |
|
| 700 | 1 |
_92239 _aStough, Roger. |
|
| 942 |
_2ddc _cBB |
||
| 999 |
_c11047 _d11047 |
||